000 00959cab a2200337 4500
001 ABS56054
008 090401t1996 xxu||||| |||| 00| 0 eng d
035 _a(Sirsi) u20752
041 _aeng
100 _aBaker, C.N.
245 _aArea review: Nevada
260 _c1996
350 _a0
490 _aNational Real Estate Investor
_v38(8) August 1996, 89-90(2)
650 _aBELZ OUTLET MALL
650 _aGALLERIA MALL
650 _aHOTEL MARKET
650 _aINDUSTRIAL MARKET
650 _aLAND PRICES
650 _aLAS VEGAS
650 _aNEVADA
650 _aPROPERTY-COMMERCIAL PROPERTY-OFFICE PROPERTY-OFFICE PROPERTY MARKET
650 _aRENO
650 _aPROPERTY-COMMERCIAL PROPERTY-RETAIL PROPERTY-RETAIL PROPERTY MARKET
650 _aSPARKS
650 _aUNITED STATES
690 _aPROPERTY-COMMERCIAL PROPERTY-COMMERCIAL PROPERTY MARKET
690 _aOVERSEAS-NORTH AMERICA
942 _n0
948 _c04/03/1997
999 _c13905
_d13905